Elementary and intermediate algebra / (Record no. 16598)
[ view plain ]
| 000 -LEADER | |
|---|---|
| fixed length control field | 00504cam a22001694a 4500 |
| 020 ## - INTERNATIONAL STANDARD BOOK NUMBER | |
| ISBN | 9780073384351 (hard copy : acidfree paper) |
| 020 ## - INTERNATIONAL STANDARD BOOK NUMBER | |
| ISBN | 0073384356 (hard copy : acidfree paper) |
| 040 ## - CATALOGING SOURCE | |
| Transcribing agency | DLC |
| 082 00 - DEWEY DECIMAL CLASSIFICATION NUMBER | |
| Classification number | 512 HIL 2012 A109 Or. |
| 100 1# - MAIN ENTRY--AUTHOR NAME | |
| Personal name | Dugopolski, Mark. |
| 245 10 - TITLE STATEMENT | |
| Title | Elementary and intermediate algebra / |
| 250 ## - EDITION STATEMENT | |
| Edition statement | 4th ed. |
| 260 ## - PUBLICATION, DISTRIBUTION, ETC. (IMPRINT) | |
| Place of publication | New York, NY : |
| Name of publisher | McGraw-Hill, |
| Year of publication | c2012. |
| 300 ## - PHYSICAL DESCRIPTION | |
| Number of Pages | xxx, 898, [128] p. : |
| Other physical details | ill. (chiefly col.) ; |
| Dimensions | 26 cm. |
| 650 #0 - SUBJECT ADDED ENTRY--TOPICAL TERM | |
| Topical Term | Algebra |
| 942 ## - ADDED ENTRY ELEMENTS (KOHA) | |
| Koha item type | សៀវភៅភាសាអង់គ្លេស |
| 952 ## - LOCATION AND ITEM INFORMATION (KOHA) | |
| Withdrawn status [LOCAL, KOHA] | 0 |
| Permanent Location | Date acquired | Koha item type | Lost status | Shelving location | Barcode | Current Location | Full call number |
|---|---|---|---|---|---|---|---|
| Library Block A | 2018-03-12 | សៀវភៅភាសាអង់គ្លេស | A008 | A20954 | Library Block A | 512 HIL 2012 A008 Or. |